• 首页
  • 本馆介绍
  • 公告通知
  • 最新文献
  • 馆藏检索
  • 电子资源
  • 读者导购
  • 参考咨询
  • 我的图书馆
  • 登录
  • 详细信息显示
  • 放入我的书架
  • 预约/预借图书
  • 作者相关作品
  • 分类相关作品
  • 丛书相关作品
  • 出版社相关作品

书目信息

  • 表格格式
  • 工作单格式
  • 卡片格式
题名:
教你跳远
    
 
作者: 刘旭 , 于刚, 主编
分册:  
出版信息: 天津   天津科学技术出版社  2019
页数: 153页
开本: 24cm
丛书名: 健康中国
单 册:
中图分类: G823.3
科图分类:
主题词: 跳远--tiao yuan--基本知识
电子资源:
ISBN: 978-7-5576-5535-8
000 01133nam 2200301 450
001 012001003178
005 20131012115634.0
010    @a978-7-5576-5535-8@dCNY32.50
099    @aCAL 012019059968
100    @a20190509d2019 em y0chiy50 ea
101 0  @achi
102    @aCN@b120000
105    @aak z 000yy
106    @ar
200 1  @a教你跳远@Ajiao ni tiao yuan@d= Long jump@f刘旭, 于刚主编@zeng
210    @a天津@c天津科学技术出版社@d2019
215    @a153页@c图@d24cm
225 2  @a健康中国@Ajian kang zhong guo
314    @a于刚, 1975年出生于山东省文登县, 1998年毕业于北京体育大学。
330    @a本书详细介绍了跳远的方方面面的知识, 包括跳远运动概述, 挺身式跳远技术, 蹲踞式跳远技术, 走步式跳远技术, 立定跳远技术, 三级跳远技术, 跳远比赛规则等内容。本书适合不同年龄段和水平的选手, 通过阅读读者可以快速掌握基本技战术, 了解关键技术, 快速提升水平。
410  0 @12001 @a健康中国
510 1  @aLong jump@zeng
606 0  @a跳远@Atiao yuan@x基本知识
690    @aG823.3@v5
701  0 @a刘旭@ALiu Xu@4主编
701  0 @a于刚,@AYu Gang@f1975-@4主编
801    @b江苏凤凰@c20191020
905    @b1232183-8@dG823.3@e165@f6
    
    教你跳远= Long jump/刘旭, 于刚主编.-天津:天津科学技术出版社,2019
    153页:图;24cm.-(健康中国)
    
    
    ISBN 978-7-5576-5535-8:CNY32.50
    本书详细介绍了跳远的方方面面的知识, 包括跳远运动概述, 挺身式跳远技术, 蹲踞式跳远技术, 走步式跳远技术, 立定跳远技术, 三级跳远技术, 跳远比赛规则等内容。本书适合不同年龄段和水平的选手, 通过阅读读者可以快速掌握基本技战术, 了解关键技术, 快速提升水平。
●
相关链接 在E读中查询图书 在五车中查询图书 在当当中查询图书 在豆瓣中查询图书


正题名:教你跳远     索取号:G823.3/165         预约/预借

序号 登录号 条形码 馆藏地/架位号 状态 备注
1 1232183   212321833   第一样本阅览室/ [索取号:G823.3/165] 在馆    
2 1232184   212321842   教育系资料室/ [索取号:G823.3/165] 在馆    
3 1232185   212321851   教育系资料室/ [索取号:G823.3/165] 在馆    
4 1232186   212321860   教育系资料室/ [索取号:G823.3/165] 在馆    
5 1232187   212321879   第四借阅区/ [索取号:G823.3/165] 在馆    
6 1232188   212321888   第四借阅区/ [索取号:G823.3/165] 在馆    
唐山师范学院图书馆 欢迎您!
大连网信软件有限公司© 版权所有